| 000 | 01441nam a2200361 i 4500 | ||
|---|---|---|---|
| 001 | 192855 | ||
| 003 | SpMaBN | ||
| 005 | 20240508063053.0 | ||
| 007 | ta | ||
| 008 | 230606s2019 sp | |||| 000 0 spa | ||
| 017 |
_aM 30169-2019 _bOficina Depósito Legal Madrid |
||
| 035 | _a(OCoLC)1129322114 | ||
| 040 |
_aSpMaBN _bspa _cSpMaBN _erda |
||
| 080 | _a654.195(460)"1936/39"(093) | ||
| 080 | _a94(460)"1936/39"(093) | ||
| 245 | 0 | 0 |
_aAsí se transmitió la guerra civil : _bverdades y mentiras en la radio incautada / _crecopilación y redacción, Jesús Vivanco Sánchez |
| 260 |
_a[Madrid : _bJ. Vivanco, _c2019] |
||
| 300 |
_a2 volúmenes (1545 páginas) ; _c30 cm |
||
| 336 |
_aTexto _2rdacontent |
||
| 337 |
_asin mediación _2rdamedia |
||
| 338 |
_avolumen _2rdacarrier |
||
| 500 | _aRecoge la transcripción de las emisiones radiofónicas | ||
| 650 | 0 |
_aRadiodifusión- _zEspaña- _y1936-1939- _vFuentes _2embne _9226645 |
|
| 651 | 4 |
_aEspaña- _xHistoria- _y1936-1939, Guerra civil- _xPropaganda _98325 |
|
| 655 | 0 |
_aFuentes _9226647 |
|
| 700 | 1 |
_aVivanco Sánchez, Jesús _ecom _ered _9226648 |
|
| 852 |
_aES-MaACL _bR. 152870 _cDEPOJ _hDonación: Jesús Vivanco Sánchez _jN-8483 |
||
| 852 |
_aES-MaACL _bR. 152870 _cDEPOJ _hDonación: Jesús Vivanco Sánchez _jN-8484 |
||
| 903 |
_9226648 _aVivanco Sánchez, Jesús _ednr |
||
| 942 |
_n0 _cMONOGRAFIA |
||
| 999 |
_c192855 _d192855 |
||